La patagonia rebelde /

Guardado en:
Autor Principal: Bayer, Osvaldo
Formato: Libro
Publicado: Buenos Aires : Arte y Libertad, 2009
Materias:
Etiquetas: Agregar Etiqueta
Sin Etiquetas, Sea el primero en etiquetar este registro!
LEADER 00583nam a22002175a 4500
001 CEM.cems014481
008 130507s2009##################000#0#####d
005 20210805143657.0
003 CEMS
245 1 0 |a La patagonia rebelde /  |c Osvaldo Bayer 
260 |a Buenos Aires :  |b Arte y Libertad,  |c 2009 
300 |a 355 p. 
590 |a 1267.014 
100 1 |a Bayer, Osvaldo 
653 |a Literatura 
653 |a Literatura argentina 
653 |a Novela 
653 |a Historia 
653 |a Historia argentina 
653 |a Biblioteca TC 
859 |a CEMS  |b BIB. CEMS - 11 de abril  |h TC  |p 1267.014  |t Ej.1